Welcome to the Holygrace Academy Library

Please use search bar below to get started

BRISINGR (Record no. 3691)

MARC details
000 -LEADER
fixed length control field 00670nam a22001457a 4500
020 ## - INTERNATIONAL STANDARD BOOK NUMBER
ISBN 978-0-552-55996-6
082 ## - DEWEY DECIMAL CLASSIFICATION NUMBER
Classification number 823
Item number PAO/B
100 ## - MAIN ENTRY--AUTHOR NAME
Personal name PAOLINI CHRISTOPHER
245 ## - TITLE STATEMENT
Title BRISINGR
Remainder of title INHERITANCE BOOK THREE
260 ## - PUBLICATION, DISTRIBUTION, ETC. (IMPRINT)
Place of publication GREAT BRITAIN
Name of publisher CORGI BOOKS
Year of publication 2009
300 ## - PHYSICAL DESCRIPTION
Number of Pages 763
520 ## - SUMMARY, ETC.
Summary, etc Eragon and Saphira struggle to fulfill the promises they have made: to help Roran rescue Katrina from the Ra'zac, to keep the Varden united and obey Nasuada, to complete their training with the elves, to repair the Dwarves' star sapphire, to undo their spell on Elva, to support Orik, and to avenge Hrothgar, Garrow, and Kvistor.
650 ## - SUBJECT ADDED ENTRY--TOPICAL TERM
Topical Term NOVEL
Geographic subdivision GREAT BRITAIN
942 ## - ADDED ENTRY ELEMENTS (KOHA)
Koha item type Books
Holdings
Withdrawn status Lost status Collection code Home library Current library Shelving location Date acquired Source of acquisition Full call number Accession Number Koha item type
    Fiction Main Library Main Library SHELF-14-J- ALPHABETICAL P,Q --ENGLISH NOVELS & FICTIONS 18/06/2010 purchase 823 PAO/B 05416 Books